000 00494nam a22001817a 4500
003 koha_MIRAKIL
005 20231213095621.0
008 231213b |||||||| |||| 00| 0 ||| d
020 _b978-9-94458560-6
040 _aTR-IsEVY
_btur
_cTR-IsEVY
082 _a900 GÜR/A
100 _aGÜRER, TURGUT.
245 0 _aATATÜRK'ÜN YAVERİ CEVAT ABBAS GÜRER CEPHEDEN MECLİSE BÜYÜK ÖNDER İLE 24 YIL.
260 _bYapım-C,
_c2006
300 _a456.
650 _aTarih.
942 _2ddc
_cBK
999 _c6604
_d6604